000
00264pam a2200121 a 4500
020
_c
041
_a
eng
100
_a
Budhananda.
245
_a
The Mind And Its Control
_h
Textual Documents
260
_a
[s.l]:
_b
Advait A Sharma
300
_a
112p.
930
_a
15555
999
_c
92455
_d
92455